Statistiques concernant Cancers les plus meurtriers chez les hommes

Cliquez ici pour prendre le quiz!

Statistiques générales

  • Ce quiz a été pris 213 fois
  • Le résultat moyen est 9 sur 15

Statistiques - réponses

HintRéponse% Correct
22 761Poumon
97%
6 303Foie
86%
2 346Système nerveux central
85%
2 794Estomac
79%
8 115Prostate
79%
5 790Pancréas
76%
9 209Colo-rectal
70%
3 818Rein
68%
1 135Peau
62%
2 898Lèvre - Bouche - Pharynx
61%
86Testicule
61%
4 112Vessie
48%
2 851Oesophage
43%
819Larynx
17%
159Thyroïde
17%

Distribution des résultats

Percentile par nombre de réponses

% des personnes avec chaque résultat

Votre développement - résultats

Vous n’avez pas pris ce quiz